000 00658 a2200193 4500
001 131760
003 OSt
005 20210917101244.0
008
082 _a515.02
_bC23A
100 1 _aCarstensen, Celine
245 1 _aAbstract algebra : applications to galois theory, algebraic geometry and cryptography
_cby Celine Carstensen, Benjamin Fine and Gerhard Rosenberger
260 _aBerlin
_bWalter de gruyter
_c2011
300 _a366p.
690 _aMathematics; Cryptography; Algebra, Abstract; Galois theory; Geometry, Algebraic
700 _aFine, Benjamin
700 _aRbergerosen, Gerhard
942 _2ddc
_cBK
999 _c6159
_d6159